Logo to Slogan (American Version) - Statistics

General Stats
  • This quiz has been taken 17 times
  • The average score is 5 of 15
Answer Stats
Picture Answer % Correct
I'm lovin' it
80%
Just Do It
80%
Eat Fresh
67%
It's Finger Lickin' Good
67%
Taste the rainbow
67%
Arby's, We Have The Meats
33%
Think different
20%
Belong anywhere
13%
Happy Tastes Good
13%
Impossible is Nothing
13%
Let's Go Places
13%
Music for everyone
13%
Obey Your Thirst
13%
See what's next
13%
That's Entertainment
13%
No matching quizzes found
Score Distribution
Percent of People with Each Score
Percentile by Number Answered
Your Score History
You have not taken this quiz